| 000 | 01012nam a22002657a 4500 | ||
|---|---|---|---|
| 003 | DO-SdBNP | ||
| 005 | 20220713074103.0 | ||
| 007 | ta | ||
| 008 | 210705e2021 dr ||| 001 pd spa d | ||
| 020 | _a9789945097139 | ||
| 040 |
_aDO-SdBNP _bspa _cBPMSU |
||
| 082 | 4 |
_aRD861.44 _bM827s 2021 _222 |
|
| 100 | 1 |
_aMora Serrano, Manuel _d1933 - |
|
| 100 | z |
_aSerrano, Manuel Mora _d1933- |
|
| 245 | 1 | 0 |
_aSinfonía en la primavera : _b(Poema) / _cManuel Mora Serrano |
| 260 |
_aSanto Domingo : _bEditora Búho, _c2021 |
||
| 300 |
_a45 p.; _c23 cm |
||
| 500 | _aIncluye datos biográficos del autor en las solapas | ||
| 505 |
_tBreves palabras.-- _tLa gran duda del poeta.-- _tEl poema.-- _t Primer movimiento. Las neblinas.-- _tSegundo movimiento. Mujer de agua desnuda _tTercer movimiento. De verano y amor _tCuarto movimiento. Lluvia y amapolas _tQuinto movimiento. EL azul |
||
| 590 | _aInventariado 2022/VM | ||
| 650 | 4 | _aPoesía dominicana | |
| 650 | 4 | _aLiteratura dominicana | |
| 910 | _aVMateo | ||
| 942 |
_2ddc _cBK |
||
| 999 |
_c14141 _d14141 |
||